Hidden rituals and public performances: Traditions and belonging among the post-Soviet Khanty, Komi and Udmurts (Record no. 11420)

MARC details
000 -LEADER
fixed length control field 00686nam a2200121Ia 4500
008 - FIXED-LENGTH DATA ELEMENTS--GENERAL INFORMATION
fixed length control field 220615s9999||||xx |||||||||||||| ||und||
100 ## - MAIN ENTRY--PERSONAL NAME
Personal name Siikala, Anna-Leena||Ulyashev, Oleg
245 #0 - TITLE STATEMENT
Title Hidden rituals and public performances: Traditions and belonging among the post-Soviet Khanty, Komi and Udmurts
546 ## - LANGUAGE NOTE
Language note English[eng]
650 ## - SUBJECT ADDED ENTRY--TOPICAL TERM
Topical term or geographic name entry element komi||shamanism||tradition||religion||language||ural||Folklore||Khanty||Khanty language||Reindeer||Soviet Union
856 ## - ELECTRONIC LOCATION AND ACCESS
Uniform Resource Identifier <a href="https://library.oapen.org/bitstream/20.500.12657/31125/1/638204.pdf||https://library.oapen.org/bitstream/20.500.12657/31125/1/638204.pdf||https://library.oapen.org/bitstream/20.500.12657/31125/1/638204.pdf">https://library.oapen.org/bitstream/20.500.12657/31125/1/638204.pdf||https://library.oapen.org/bitstream/20.500.12657/31125/1/638204.pdf||https://library.oapen.org/bitstream/20.500.12657/31125/1/638204.pdf</a>
942 ## - ADDED ENTRY ELEMENTS (KOHA)
Koha item type E-Books
Holdings
Withdrawn status Lost status Damaged status Not for loan Home library Current library Date acquired Total Checkouts Date last seen Price effective from Koha item type
        Kerala University of Digital Sciences, Innovation and Technology Knowledge Centre Kerala University of Digital Sciences, Innovation and Technology Knowledge Centre 15/06/2022   15/06/2022 15/06/2022 E-Books